| 000 | 00442nam a22001697a 4500 | ||
|---|---|---|---|
| 003 | CEME | ||
| 005 | 20210628202422.0 | ||
| 008 | 210315b xxu||||| |||| 00| 0 eng d | ||
| 020 | _a0-7506-1157-X | ||
| 040 | _c. | ||
| 082 | _a681.2 WAL'P | ||
| 100 |
_aWalcher, Dr. Ing Hans _959828 |
||
| 245 | _aPosition sensing angles and distance measurment for engineers | ||
| 260 |
_aOXFORD _bBUTTERWORTH _c1994 |
||
| 300 | _a256P | ||
| 942 |
_cBK _2ddc |
||
| 999 |
_c569715 _d569715 |
||